| 000 | 00449nam a22001811a 4500 | ||
|---|---|---|---|
| 001 | 736 | ||
| 003 | OSt | ||
| 005 | 20260204211707.0 | ||
| 008 | 040114s1997||||dr ||||||b||||||||||spa|| | ||
| 050 | _aRD 004 I4m | ||
| 082 | _aRD 004 I4m | ||
| 245 | _aLa informática en la casa / Miguel Pardo Nienla | ||
| 264 | _aSanto Domingo : Listín Diario | ||
| 300 | _a492 p. | ||
| 650 | _a1.Informática | ||
| 700 | _aPardo Niebla, MiguelÌ | ||
| 942 |
_2ddc _cBK |
||
| 999 |
_c736 _d736 |
||